| 000 | 00820nas a2200289 4500 | ||
|---|---|---|---|
| 001 | BR0600311 | ||
| 003 | BR-BrBNA | ||
| 005 | 20231205105756.0 | ||
| 007 | ta | ||
| 008 | 230509b bl.|||p| |||| 00| 00por d | ||
| 040 |
_aBR-BrBNA _bpor _cBiblioteca Nacional de Agricultura |
||
| 041 | _a(Pt) | ||
| 072 | _aQ03 | ||
| 100 | 1 | _aCosta, M.A. | |
| 100 | 1 | _aTornisielo, V.L. | |
| 100 | 1 | _aOliveira, J.J. do V. | |
| 245 | 1 | _aNíveis de resíduos de prochloraz em maçãs | |
| 650 | _aMALUS DOMÉSTICA | ||
| 650 | _aMAÇÃ | ||
| 650 | _aPRÁTICA CULTURAL | ||
| 650 | _aCOLHEITA | ||
| 650 | _aFUNGICIDA | ||
| 650 | _aCROMATOGRAFIA | ||
| 773 | 0 |
_tBrazilian Journal of Food Technology (Brazil) _xISSN 1519-0900 _g(2002), v. 5 p. 61-65 _wBR0600311 |
|
| 909 |
_a202311 _bLúcia _c55 _dLúcia Elande |
||
| 942 |
_2AGRIS _n0 _cANA |
||
| 999 |
_c184619 _d184619 |
||